[Event "Tournoi francophone 003 Groupe A"]
[Site "Skype"]
[Date "????.??.??"]
[Round "8.3"]
[White "Legueltel, Daniel"]
[Black "Bourdeau, Yvan"]
[Result "1/2-1/2"]
[WhiteElo "1823"]
[BlackElo "1635"]
[PlyCount "57"]

1. d4 Nf6 2. c4 e6 3. Nc3 Bb4 4. Bg5 h6 5. Bd2 b6 6. Nf3 Bb7 7. e3 Bxc3 8. Bxc3
d6 9. Bd3 Ne4 10. Rc1 Ng5 11. Be2 Nd7 12. Nxg5 hxg5 13. Bf3 Bxf3 14. Qxf3 Nf6
15. Qc6+ Ke7 16. c5 Qd7 17. Qxd7+ Kxd7 18. cxd6 cxd6 19. Ke2 Rac8 20. h3 Rc7
21. Bd2 Rhc8 22. Rxc7+ Rxc7 23. Rc1 Rxc1 24. Bxc1 d5 25. Bd2 g4 26. hxg4 Nxg4
27. f3 Nf6 28. Bb4 g6 29. Bf8 1/2-1/2

[Event "Tournoi francophone 003 Groupe A"]
[Site "Skype"]
[Date "????.??.??"]
[Round "8.4"]
[White "Brun, Jacques"]
[Black "Plourde, Alain"]
[Result "1/2-1/2"]
[WhiteElo "1791"]
[BlackElo "1931"]
[PlyCount "72"]

1. e4 e6 2. d4 d5 3. Nc3 dxe4 4. Nxe4 Bd7 5. Bg5 f6 6. Bf4 Nc6 7. d5 exd5 8.
Qxd5 Nge7 9. Qd2 Ng6 10. Be3 Bf5 11. f3 Bxe4 12. fxe4 Qxd2+ 13. Bxd2 O-O-O 14.
O-O-O Bb4 15. Nf3 Bxd2+ 16. Rxd2 Rxd2 17. Kxd2 Rd8+ 18. Kc1 Nce5 19. Nxe5 Nxe5
20. Be2 Rd4 21. Bf3 Kd7 22. Rd1 Rd6 23. Rxd6+ Kxd6 24. Kd2 b6 25. Be2 Nf7 26.
c3 Ke5 27. Ke3 Nd6 28. Bd3 g5 29. g3 c5 30. b3 Nf7 31. a4 Nh6 32. h3 Nf7 33.
Bc4 Nd6 34. Bd3 h6 35. Kf3 a5 36. Ke3 Ne8 1/2-1/2

[Event "Tournoi francophone 003 Groupe A"]
[Site "Skype"]
[Date "????.??.??"]
[Round "9.3"]
[White "Bourdeau, Yvan"]
[Black "Brun, Jacques"]
[Result "1/2-1/2"]
[WhiteElo "1635"]
[BlackElo "1791"]
[PlyCount "138"]

1. c4 c5 2. Nc3 g6 3. g3 Bg7 4. Bg2 Nc6 5. Nf3 Nf6 6. O-O d6 7. d3 O-O 8. Bg5
h6 9. Bd2 Be6 10. Qc1 Kh7 11. Rb1 Qd7 12. Re1 Rab8 13. a3 Ng4 14. b4 b6 15. h3
Nge5 16. Kh2 Nxf3+ 17. exf3 Ne5 18. Qc2 Bf5 19. Ne4 d5 20. f4 Bxe4 21. dxe4
Nxc4 22. Rb3 Nxd2 23. Qxd2 c4 24. Rbb1 d4 25. e5 b5 26. Be4 e6 27. g4 f5 28.
gxf5 gxf5 29. Bf3 Rg8 30. Rg1 Bh8 31. Rg3 Rbc8 32. Be2 d3 33. Bxd3 cxd3 34.
Rxd3 Qc6 35. Rd7+ Rg7 36. Rxg7+ Bxg7 37. Rg1 Qc2 38. Qe3 Qc4 39. Rd1 Rg8 40.
Rd7 Kh8 41. Qf3 Qf1 42. Rd1 Qc4 43. Rd7 Bf8 44. Rd1 Rg7 45. Rd8 Rg8 46. Rd1 Qc7
47. Rg1 Rxg1 48. Kxg1 a5 49. bxa5 Qxa5 50. Qc6 Kh7 51. Qxe6 Qe1+ 52. Kg2 Qe4+
53. Kg3 Bg7 54. Qf7 Qd3+ 55. Kg2 Qxa3 56. Qxf5+ Kh8 57. e6 Qe7 58. Qxb5 Qxe6
59. f5 Qe4+ 60. f3 Qe5 61. Qxe5 Bxe5 62. h4 Kg7 63. Kh3 h5 64. Kg2 Kf6 65. Kf2
Kxf5 66. Ke3 Bg3 67. f4 Bxh4 68. Kf3 Be1 69. Kg2 h4 1/2-1/2

[Event "Tournoi francophone 003 Groupe A"]
[Site "Skype"]
[Date "????.??.??"]
[Round "9.4"]
[White "Deville, Olivier"]
[Black "Legueltel, Daniel"]
[Result "1/2-1/2"]
[WhiteElo "1974"]
[BlackElo "1823"]
[PlyCount "61"]

1. c4 e5 2. Nc3 Nc6 3. Nf3 Nf6 4. e3 Be7 5. d4 exd4 6. Nxd4 Nxd4 7. Qxd4 O-O 8.
Be2 b6 9. O-O Bb7 10. e4 d6 11. b3 Nd7 12. Bb2 Bf6 13. Qd2 Nc5 14. f3 Ne6 15.
Nd5 Bxb2 16. Qxb2 f5 17. exf5 Rxf5 18. Bd3 Rf7 19. Qd2 Qg5 20. Qxg5 Nxg5 21.
Rfe1 c6 22. Ne7+ Kf8 23. Nf5 Rf6 24. Re3 g6 25. Nd4 Re8 26. Rae1 Rxe3 27. Rxe3
Kf7 28. h4 Ne6 29. Nxe6 Rxe6 30. Rxe6 Kxe6 31. Kf2 1/2-1/2

[Event "Tournoi francophone 003 Groupe A"]
[Site "Skype"]
[Date "????.??.??"]
[Round "9.5"]
[White "Ayotte, Jocelyn"]
[Black "Hervais, Adrien"]
[Result "0-1"]
[WhiteElo "2167"]
[BlackElo "2071"]
[PlyCount "69"]

1. d4 e6 2. c4 d5 3. Nc3 c6 4. Nf3 dxc4 5. e4 b5 6. a4 Bb4 7. g3 Nf6 8. Bg5 h6
9. Bxf6 Qxf6 10. Bg2 Bb7 11. O-O Bxc3 12. bxc3 O-O 13. Nd2 a6 14. e5 Qe7 15.
Ne4 Qc7 16. Nf6+ Kh8 17. Qh5 c5 18. Bxb7 Qxb7 19. axb5 axb5 20. Rxa8 Qxa8 21.
d5 exd5 22. Qf5 gxf6 23. Qxf6+ Kg8 24. e6 Qb7 25. e7 Re8 26. Re1 Qc6 27. Qf4
Nd7 28. Qg4+ Kh8 29. Qf5 Nf6 30. Qf4 Kg7 31. Re5 Qd7 32. Rg5+ hxg5 33. Qxg5+
Kh7 34. f4 Qg4 35. Qxf6 0-1